000 01040nam a2200361 a 4500
003 AR-BaBNM
005 20251128204737.0
008 082120s2002 ||||||||||||||000 | spa||
020 _a84-85859-73-1
040 _cAR-BaBNM
100 1 _aSerrano, Sebastiá
245 0 0 _aLa lingüística
_bsu historia y su desarrollo
250 _a2ª ed.
260 _aBarcelona
_bMontesinos
_c1992
300 _a160 p.
_bgráfs., il.
490 0 _aBiblioteca de divulgación temática
_vv. 22
500 _aContiene referencias bibliográficas en pág.159
500 _aInformación sobre el autor en solapa
650 4 _aSEMIOLOGIA
650 4 _aSIGNOS
650 4 _aPROCESO DE COMUNICACION
650 4 _aGRAMATICA ESTRUCTURAL
650 4 _aGRAMATICA GENERATIVA
650 4 _aGRAMATICA TRADICIONAL
650 4 _aMODELOS LINGÜISTICOS
650 4 _aTEORIA LINGÜISTICA
650 4 _aLINGÜISTICA COMPARADA
650 4 _aHISTORIA
650 4 _aLINGÜISTICA
653 _aGRAMATICA COMPARADA
942 _cBK
998 _cMARTIN
999 _c8651
_d8651